000 00313nam a2200121Ia 4500
008 190216s9999||||xx |||||||||||||| ||und||
100 _aFuller Gordon And Parker Robert
245 0 _aAnalytic Geometry And Calculus
260 _bD -van Nostrand Co.
_c1969
300 _a616p
650 _aMathematics
942 _cBK
999 _c30523
_d30523